000 01149cam a2200397 i 4500
001 0000590
003 DO-SdBPM
005 20250219122549.0
007 0000590
008 100514s2011 sp |||| 000 f spa
015 _a
017 _a
_b
020 _a9788466324151
035 _a
040 _aDO-SdBPM
_bspa
_cBPMSU
_e
080 _a
082 4 _a649.1
_bU81e 2011
_222
100 1 _aUrra, Javier,
_d1957-
_931
245 1 0 _aEducar con sentido común /
_cJavier Urra
246 1 4 _aEducar con sentido común :
_btodo lo que hay que saber para que tus hijos y tú seáis felices
250 _a3a. ed.
260 _aMadrid:
_bSantillana ediciones generales,
_c2011.
300 _a466 p. ;
_c21 cm
490 0 _aPunto de lectura
_v403 / 1
500 _aIncluye datos biográficos del autor.
504 _aBibliografía: p. 443-445
590 _aInventariado, 2025/VM
650 4 _aCrianza de niños.
650 _a Educación para la vida familiar.
650 _a
650 _a
650 4 _aValores sociales
650 4 _aConducta (ética )
910 _aVMateo V. Control de calidad. BPMSU
942 _2ddc
_cBK
999 _c11108
_d11108